Football joueur du Barça saison 2025-2026 par image - Statistiques

Statistiques générales
  • Ce quiz a été pris 870 fois
  • Le résultat moyen est 14 sur 16
Statistiques - réponses
Par images Réponse % Correct
Pedri
99%
Kounde
98%
Yamal
98%
Gavi
96%
Lewandowski
93%
Rashford
93%
De jong
92%
Olmo
91%
Balde
90%
Cubarsi
90%
Raphinha
89%
Araujo
87%
Torres
86%
Fermin
84%
Garcia
76%
Bardghji
35%
Aucun quiz correspondant
Distribution des résultats
% des personnes avec chaque résultat
Percentile par nombre de réponses
Votre historique - résultats
Vous n’avez pas pris ce quiz